The School Mathematics Project Revised Additional Mathematics. (Record no. 1527)

MARC details
000 -LEADER
fixed length control field 00413nam a22001217a 4500
005 - DATE AND TIME OF LATEST TRANSACTION
control field 20200901121153.0
008 - FIXED-LENGTH DATA ELEMENTS--GENERAL INFORMATION
fixed length control field 200901b ||||| |||| 00| 0 eng d
020 ## - INTERNATIONAL STANDARD BOOK NUMBER
International Standard Book Number 0521278430
040 ## - CATALOGING SOURCE
Transcribing agency CML
245 ## - TITLE STATEMENT
Title The School Mathematics Project Revised Additional Mathematics.
Statement of responsibility, etc. Cambridge University Press
260 ## - PUBLICATION, DISTRIBUTION, ETC.
Place of publication, distribution, etc. Cambridge
Name of publisher, distributor, etc. Cam bridge University Press
Date of publication, distribution, etc. 1966
942 ## - ADDED ENTRY ELEMENTS (KOHA)
Source of classification or shelving scheme Dewey Decimal Classification
Koha item type Books
Edition 1st Edition
Classification part 510
Holdings
Withdrawn status Lost status Source of classification or shelving scheme Damaged status Not for loan Collection code Home library Current library Shelving location Date acquired Total Checkouts Full call number Date last seen Copy number Price effective from Koha item type
    Dewey Decimal Classification     Natural Sciences & Mathematics Chalimbana Main Library Chalimbana Main Library Natural Sciences & Mathematics 09/01/2020   510 09/01/2020 1 09/01/2020 Books

Powered by Koha